ACM Computing Surveys

Gespeichert in:
Bibliographische Detailangaben
Format: Schriftenreihe
Veröffentlicht: 1993
Tags: Tag hinzufügen
Keine Tags, Fügen Sie das erste Tag hinzu!

MARC

LEADER 00000nas a22000003a 4500
001 stu63986
005 20141122003732.6
008 011106s1993----------------------------d
040 |a STU  |b slo 
041 0
245 |a ACM Computing Surveys 
260 |c 1993 
500 |a 1-4 
500 |a 4 
773 0 |t ACM Computing Surveys :  |w stu_us_cat*stu59349  |x 0360-0300  |7 nnas 
996 |d Vol. 25, 1993  |v Vol. 25  |y 1993  |l EE0103  |s A  |a 24  |w stu63986_0001